Liptov orgán OV KSS a ONV v Liptovskom Mikuláši
| New Title: | MY Liptovské noviny |
|---|---|
| Previous Title: | Nový Liptov |
| Format: | Newspaper |
| Language: | Slovak |
| PhysicalDescription: | 38 zv. 35-45 cm |
| Published: |
V Liptovskom Mikuláši
Orgán OV KSS a ONV
1968-2005
V Liptovskom Mikuláši Konzorcium Lipa V Liptovskom Mikuláši Združenie Lipa Žilina Slov Print, s.r.o. Bratislava Petit Press, a.s. V Liptovskom Mikuláši Orgán rady ONV a OV KSS V Liptovskom Mikuláši Okresný výbor KSS a Okresný národný výbor V Liptovskom Mikuláši Okresný národný výbor V Liptovskom Mikuláši Okresný úrad |
| ISSN: | 1336-0078 |
| Subjects: |
MARC
| LEADER | 00000cas a2200000 a 4500 | ||
|---|---|---|---|
| 001 | vtls008425584 | ||
| 003 | SK-MaSNL | ||
| 005 | 20260228161005.0 | ||
| 008 | 221012d19682005xo wr ne 0 b0slo | ||
| 022 | |a 1336-0078 | ||
| 040 | |a SNK |b slo |c SNK |e AACR2 | ||
| 041 | 0 | |a slo | |
| 043 | |a e-xo--- | ||
| 044 | |a xo |c SK | ||
| 072 | 7 | |a 316.7 |x Sociológia kultúry. Kultúrny život |2 konspekt | |
| 072 | 7 | |a 394 |x Verejný a spoločenský život. Každodenný život |2 konspekt | |
| 080 | |a 316.728 |2 2011 | ||
| 080 | |a 394 |2 2011 | ||
| 080 | |a (051)+(054)(437.6) |2 2011 | ||
| 080 | |a 050 |2 2011 | ||
| 084 | |a Index 43 325 |2 mksr | ||
| 210 | 0 | |a Liptov | |
| 222 | 0 | |a Liptov | |
| 245 | 0 | 0 | |a Liptov |b orgán OV KSS a ONV v Liptovskom Mikuláši |
| 246 | 1 | 3 | |a MY Liptov |f 44/2004-27/2005 |
| 246 | 1 | 3 | |a MY sme Liptov |f 23/2005 |
| 260 | |a V Liptovskom Mikuláši |b Orgán OV KSS a ONV |c 1968-2005 |f Tlačiarne SNP, n.p. | ||
| 260 | 2 | |3 43/1991-1992 |a V Liptovskom Mikuláši |b Konzorcium Lipa |e Banská Bystrica |f Tlačiarne BB, š.p. | |
| 260 | 2 | |3 1993-1999 |a V Liptovskom Mikuláši |b Združenie Lipa |e Banská Bystrica |f Tlačiarne BB, š.p. | |
| 260 | 2 | |3 1/2000-26/2000 |a Žilina |b Slov Print, s.r.o. | |
| 260 | 3 | |3 27/2000-27/2005 |a Bratislava |b Petit Press, a.s. | |
| 260 | 2 | |3 1969 |a V Liptovskom Mikuláši |b Orgán rady ONV a OV KSS |f Tlačiarne SNP, n.p. | |
| 260 | 2 | |3 1970-48/1989 |a V Liptovskom Mikuláši |b Okresný výbor KSS a Okresný národný výbor |f Tlačiarne SNP, n.p. | |
| 260 | 2 | |3 49/1989-1990 |a V Liptovskom Mikuláši |b Okresný národný výbor |f Tlačiarne SNP, n.p. | |
| 260 | 2 | |3 1991-42/1991 |a V Liptovskom Mikuláši |b Okresný úrad |f TeLeM, š.p. | |
| 300 | |a 38 zv. |c 35-45 cm | ||
| 310 | |a 1x týždenne | ||
| 362 | 0 | |a Roč. 10, č. 1 (1968)-roč. 56, č. 27 (2005) | |
| 500 | |a Zmena podnázvu: v č. 43/1974-48/1989 uvádzaný ďalší podnázov: proletári všetkých krajín, spojte sa! ; od č. 49/1989, orgán okresného národného výboru v Liptovskom Mikuláš ; od č. 48/1990, týždenník občanov Liptova ; r. 1994-22/2001, regionálny týždenník ; 23/2001-43/2003, regionálny týždenník okresov Liptovský Mikuláš a Ružomberok ; 26-27/2005, Ružomberok - Liptovský Mikuláš - Liptovský Hrádok | ||
| 500 | |a Od č. 28/2005 vychádza pod názvom MY Liptovské noviny | ||
| 500 | |a Redaktori sa menia | ||
| 500 | |a Registračné č.: SKO-5 ; 10/1991 ; 2437/2000 | ||
| 500 | |a Podnázov v tiráži: od č. 17/1991, regionálny týždenník ; od č. 34/1991, okresný týždenník ; od č. 10/1992, nezávislý regionálny týždenník ; od č. 35/1999, regionálny týždenník pre okresy Liptovský Mikuláš a Ružomberok | ||
| 500 | |a Tlač.: od č. 6/1995, NADAS-AFGH, Vrútky ; od č. 28/1995, LEV, Ružomberok ; od č. 14/1998, MERKANTIL, Trenčín ; ?-2005, Petit Press, Bratislava | ||
| 500 | |a Od č. 50/2004 patrí do siete regionálnych novín MY | ||
| 500 | |a Niektoré čísla obsahuje prílohy s rôznou tematikou | ||
| 515 | |a R. 1981 má chybne označený roč. 16(32), má byť roč. 14(32) | ||
| 525 | |a Obsahuje pravidelnú prílohu Liptov šport neskôr Regionálny šport ; Tele magazín neskôr TV OKO | ||
| 650 | 0 | 7 | |a každodenný život |2 SNKPH |9 4946 |
| 651 | 7 | |a Liptov (Slovensko : región) |2 SNKPHgeo |9 151081 | |
| 655 | 7 | |a regionálne periodiká |2 SNKPH |9 131775 | |
| 752 | |a Slovensko |d Liptovský Mikuláš | ||
| 780 | 0 | 0 | |t Nový Liptov |w vtls010299794 |
| 785 | 0 | 0 | |t MY Liptovské noviny |w vtls001467698 |
| 910 | |a snk | ||
| 916 | |a 1968-27/2005 | ||
| 999 | |c 4047 |d 5977 | ||
| 952 | |0 0 |1 0 |4 0 |7 0 |8 0 |a SNK |b SNK |d 1997-02-13 |f 1 |i snkČSP 2169/94 |l 0 |o snkČSA 575/44/1993 |p 17A0038089 |r 2005-01-02 00:00:00 |t č. 1-51 + 1 príl. |w 2026-02-21 |y PREZ |z Príl.: v č. 51 - Vianočník Liptov | ||
| 952 | |0 0 |1 0 |4 0 |7 0 |8 0 |a SNK |b SNK |d 1999-08-19 |i snkČSP 2170/94 |l 0 |o snkČSA 575/44/1993 D1 |p 17A0206411 |r 2005-01-02 00:00:00 |t č. 1-51 |w 2026-02-21 |y PREZ | ||
| 952 | |0 0 |1 0 |4 0 |7 0 |8 0 |a SNK |b SNK |d 1999-11-18 |f 1 |i snkČSP 857/88 |l 0 |o snkČSA 575/20(38)/1987 |p 17A0218574 |r 2005-01-02 00:00:00 |t č. 1-52 |w 2026-02-21 |y PREZ | ||
| 952 | |0 0 |1 0 |4 0 |7 0 |a SNK |b SNK |d 2002-12-13 |f 1 |i snkČSP 73/72 |l 0 |o snkČSA 575/4(22)/1971 |p 17A0368103 |r 2005-01-02 00:00:00 |t č. 1-52 |w 2026-02-21 |y PREZ | ||
| 952 | |0 0 |1 0 |4 0 |7 0 |8 0 |a SNK |b SNK |d 2007-06-28 |f 1 |i snk2007/16295 |l 0 |o snkČSA 575/55/2004/2 |p 17A0548693 |r 2026-02-21 19:37:36 |t č. 30-52 + príl. |w 2026-02-21 |y PREZ |z Príl.: v č. 30-52 - Regionálny šport, v č. 30-52 - TV OKO (chýba v č. 44), v č. 31 - Kompas fanúšika, v č. 36 - Vinárstvo na Slovensku, v č. 37 - Stavebnícky magazín, v č. 43,49 - Financie, v č. 44 - Svetová knižnica SME, v č. 40,41,45,46-50 - Inzercia, v č. 51-52 - Chvíle vianočné, chvíle sviatočné | ||
| 952 | |0 0 |1 0 |4 0 |7 0 |a SNK |b SNK |d 2010-12-30 |i snkČSP 456/83 |l 0 |o snkČSA 575/15(33)/1982 D1 |p 17A0683279 |r 2026-02-21 19:56:21 |t č. 1-52 |w 2026-02-21 |y PREZ | ||
| 952 | |0 0 |1 0 |4 0 |7 0 |a SNK |b SNK |d 2010-12-20 |f 1 |i snkČSP 1642/92 |l 0 |o snkČSA 575/42/1991 |p 17A0677923 |r 2026-02-21 19:56:21 |t č. 1-49 |w 2026-02-21 |y PREZ | ||
| 952 | |0 0 |1 0 |4 0 |7 0 |a SNK |b SNK |d 2011-01-17 |i snkČSP 2384/99 |l 0 |o snkČSA 575/49/1998 D1 |p 17A0683822 |r 2026-02-21 19:56:24 |t č. 1-50 |w 2026-02-21 |y PREZ | ||
| 952 | |0 0 |1 0 |4 0 |7 0 |a SNK |b SNK |d 2011-02-11 |i snkČSP 1993/93 |l 0 |o snkČSA 575/43/1992 D1 |p 17A0688514 |r 2026-02-21 19:56:28 |t č. 1-51 |w 2026-02-21 |y PREZ | ||
| 952 | |0 0 |1 0 |4 0 |7 0 |a SNK |b SNK |d 2022-10-10 |f 1 |i snkČSP 214/2003 |l 0 |o snkČSA 575/51/2000 |p 17A0759352 |r 2026-02-21 20:03:10 |t č. 1-52 + príl. |w 2026-02-21 |y PREZ |z Príl.: v č. 1-52 - Liptov šport (č. 1-51), v č. 51-52 - Vianočný magazín Liptov, v č. 2-52 -Tele magazín, v č. 9,13,17,21,26,36,40 - Občianske listy (č. 2,3,4,5,6,8,9), v č. 16 - Krajšie bývanie, v č. 36-50 - Čítanie pre každého, v č. 50 - Vianočná inzertná príloha, TV OKO | ||
| 952 | |0 0 |1 0 |4 0 |7 0 |a SNK |b SNK |d 2022-10-10 |f 1 |i snkČSP 2459/2003 |l 0 |o snkČSA 575/52/2001 |p 17A0778279 |r 2026-02-21 20:03:10 |t č. 1-51 + príl., neúplné |w 2026-02-21 |y PREZ |z Príl.: v č. 1-51 - Liptov šport, v č. 1-9 - Čítanie pre každého, v č. 1-51 - TV OKO, v č. 17 - Príjemné bývanie, v č. 45 - Povinné ručenie, v č. 47 - Životný štýl, v č. 51 - Vianočný regionálny výber ; -chýba č. 10 | ||
| 952 | |0 0 |1 0 |4 0 |7 0 |a SNK |b SNK |d 2022-10-07 |f 1 |i snkČSP 1856/97 |l 0 |o snkČSA 575/47/1996 |p 17A0768691 |r 2026-02-21 20:03:39 |t č. 1-50 + príl. |w 2026-02-21 |y PREZ |z Príl.: v č. 1-50 - Liptov šport (č. 1-50), Liptov TV príloha, v č. 49-50 - Vianočný magazín Liptov | ||
| 952 | |0 0 |1 0 |4 0 |7 0 |a SNK |b SNK |d 2022-10-07 |f 1 |i snkČSP 2621/99 |l 0 |o snkČSA 575/48/1997 |p 17A0768746 |r 2026-02-21 20:03:42 |t č. 1-50 + príl. |w 2026-02-21 |y PREZ |z Príl.: v č. 1-50 - Liptov šport (č. 1-49), Liptov TV príloha, v č. 49-50 - Vianočný magazín Liptov | ||
| 952 | |0 0 |1 0 |4 0 |7 0 |a SNK |b SNK |d 2022-10-07 |f 1 |i snkČSP 2383/99 |l 0 |o snkČSA 575/49/1998 |p 17A0768687 |r 2026-02-21 20:03:42 |t č. 1-50 + príl. |w 2026-02-21 |y PREZ |z Príl.: v č. 1-50 - Liptov šport (č. 1-50), Liptov TV príloha, v č. 48 - Občianske listy (č. 2/1998), Eko spravodaj (č. dec./1998), č. 49-50 - Vianočný magazín Liptov | ||
| 952 | |0 0 |1 0 |4 0 |7 0 |a SNK |b SNK |d 2022-10-07 |f 1 |i snkČSP 216/2003 |l 0 |o snkČSA 575/50/1999 |p 17A0768692 |r 2026-02-21 20:03:42 |t č. 1-50 + príl., neúplné |w 2026-02-21 |y PREZ |z Príl.: Príl.: v č. 1-50 - Liptov šport (č. 1-49), Liptov TV príloha - od č. 44 vychádza ako TV relax, v č. 49-50 - Vianočný magazín Liptov, v č. 36,41,45,47 - Občianske listy (č. 1-4) ; -chýba č. 31,43 | ||
| 952 | |0 0 |1 0 |4 0 |7 0 |a SNK |b SNK |d 2022-10-11 |f 1 |i snkČSP 1272/2004 |l 0 |o snkČSA 575/53/2002 |p 17A0778281 |r 2026-02-21 20:03:59 |t č. 1-52 + príl. |w 2026-02-21 |y PREZ |z Príl.: v č. 1-52 - Liptov šport (od č. 17 názov Regionálny šport), v č. 1-52 - TV OKO (v č. 13 chýba), v č. 13,45 - Životný štýl, v č. 30,35 - Urobme to! (č. 1,2), v č. 46 - Inzercia | ||
| 952 | |0 0 |1 0 |4 0 |7 0 |a SNK |b SNK |d 2003-01-16 |l 0 |o snkČSA 575/18(36)/1985 D1 |p 17A0370357 |r 2005-01-02 00:00:00 |t č. 1-52 |w 2026-02-21 |y PREZ | ||
| 952 | |0 0 |1 0 |4 0 |7 0 |a SNK |b SNK |d 2011-01-04 |i snkČSP 264/82 |l 0 |o snkČSA 575/16(32)/1981 D1 |p 17A0683324 |r 2026-02-21 20:08:53 |t č. 1-52 |w 2026-02-21 |y PREZ | ||
| 952 | |0 0 |1 0 |4 0 |7 0 |a SNK |b SNK |d 1999-05-24 |f 1 |i snkČSP 425/84 |l 0 |o snkČSA 575/16(34)/1983 |p 17A0195623 |r 2005-01-02 00:00:00 |t č. 1-52 |w 2026-02-21 |y PREZ | ||
| 952 | |0 0 |1 0 |4 0 |7 0 |8 0 |a SNK |b SNK |d 2022-07-13 |i snk2004/1273 |l 0 |o snkČSA 575/53/2002 D1 |p 17A1316680 |r 2026-02-21 20:11:12 |t č. 1-52, neúplný |w 2026-02-21 |y PREZ |z chýba č. 19 a 48; | ||
| 952 | |0 0 |1 0 |4 0 |7 0 |8 0 |a SNK |b SNK |d 2022-07-13 |i snk2004/1273 |l 0 |o snkČSA 575/53/2002 príl. D1 |p 17A1316679 |r 2026-02-21 20:11:12 |w 2026-02-21 |y PREZ | ||
| 952 | |0 0 |1 0 |4 0 |7 0 |a SNK |b SNK |d 2022-10-06 |i snkČSP 1643/92 |l 0 |o snkČSA 575/42/1991 D1 |p 17A0768966 |r 2026-02-21 20:12:40 |t č. 1-49, neúplné |w 2026-02-21 |y PREZ |z Chýba č. 43-49 | ||
| 952 | |0 0 |1 0 |4 0 |7 0 |a SNK |b SNK |d 2022-10-06 |f 1 |i snkČSP 515/95 |l 0 |o snkČSA 575/45/1994 |p 17A0783350 |r 2026-02-21 20:12:40 |t č. 1-52 |w 2026-02-21 |y PREZ | ||
| 952 | |0 0 |1 0 |4 0 |7 0 |a SNK |b SNK |d 2022-10-06 |f 1 |i snkČSP 1570/97 |l 0 |o snkČSA 575/46/1995 |p 17A0768747 |r 2026-02-21 20:12:40 |t č. 1-52 + príl. |w 2026-02-21 |y PREZ |z Príl.: v č. 1-4 - TV relax, v č. 51-52 - TV program, v č. 36-52 - Liptov šport (od č. 1 po č. 16), v č. 43 - Športová príloha | ||
| 952 | |0 0 |1 0 |4 0 |7 0 |a SNK |b SNK |d 2007-05-02 |i snkČSP 426/84 |l 0 |o snkČSA 575/16/1983 D1 |p 17A0654887 |r 2026-02-21 20:14:17 |t č. 1-52 |w 2026-02-21 |y PREZ | ||
| 952 | |0 0 |1 0 |4 0 |7 0 |a SNK |b SNK |d 2007-05-02 |i snkČSP 328/85 |l 0 |o snkČSA 575/17(35)/1984 D1 |p 17A0654915 |r 2026-02-21 20:14:18 |t č. 1-52 |w 2026-02-21 |y PREZ | ||
| 952 | |0 0 |1 0 |4 0 |7 0 |a SNK |b SNK |d 2007-05-02 |i snkČSP 2498/87 |l 0 |o snkČSA 575/19(37)/1986 D1 |p 17A0654047 |r 2026-02-21 20:14:18 |t č. 1-52 |w 2026-02-21 |y PREZ | ||
| 952 | |0 0 |1 0 |4 0 |7 0 |a SNK |b SNK |d 2002-01-23 |f 1 |i snkČSP 1277/77 |l 0 |o snkČSA 575/10(28)/1977 |p 17A0327761 |r 2005-01-02 00:00:00 |t č. 1-52 |w 2026-02-21 |y PREZ | ||
| 952 | |0 0 |1 0 |4 0 |7 0 |a SNK |b SNK |d 2011-09-12 |i snkČSP 1278/77 |l 0 |o snkČSA 575/10(28)/1977 D1 |p 17A0709339 |r 2026-02-21 20:22:31 |t č. 1-52 |w 2026-02-21 |y PREZ | ||
| 952 | |0 0 |1 0 |4 0 |7 0 |a SNK |b SNK |d 2012-07-12 |i snkČSP 119/80 |l 0 |o snkČSA 575/12(30)/1979 D1 |p 17A0761755 |r 2026-02-21 20:23:27 |t č. 1-52 |w 2026-02-21 |y PREZ | ||
| 952 | |0 0 |1 0 |4 0 |7 0 |a SNK |b SNK |d 2013-03-05 |i snkČSP 2622/99 |l 0 |o snkČSA 575/48/1997 D1 |p 17A1052710 |r 2026-02-21 20:23:53 |w 2026-02-21 |y PREZ | ||
| 952 | |0 0 |1 0 |4 0 |7 0 |8 0 |a SNK |b SNK |d 2007-06-28 |f 1 |i snk2007/16290 |l 0 |o snkČSA 575/54/2003/1 |p 17A0548690 |r 2026-02-21 20:27:56 |t č. 1-26 + príl. |w 2026-02-21 |y PREZ |z Príl.: v č. 1-26 - Regionálny šport, v č. 1-26 - TV OKO, od č. 5 - Víkend - čítanie pre celú rodinu (od č. 23 - názov Pohoda na víkend), v č. 4 - Horoskop na rok 2003 | ||
| 952 | |0 0 |1 0 |4 0 |7 0 |8 0 |a SNK |b SNK |d 2007-06-28 |f 1 |i snk2007/16291 |l 0 |o snkČSA 575/54/2003/2 |p 17A0548691 |r 2026-02-21 20:27:56 |t č. 27-51 + príl. |w 2026-02-21 |y PREZ |z Príl.: v č. 27-51 - Regionálny šport, v č. 27-51 - TV OKO (chýba v č. 31,49), v č. 27-51 - Pohoda na víkend (chýba v č. 36,39,42,46,48), v č. 36 - Stavebnícky magazín, v č. 39 - Ekonomika a podnikanie, v č. 42 - Financie 2003, v č. 43 - Zdravie a životný štýl, v č. 46 - Poistenie, v č. 48 - Vianoce sa blížia, v č. 50-51 - Vianočná a silvestrovská príloha | ||
| 952 | |0 0 |1 0 |4 0 |7 0 |8 0 |a SNK |b SNK |d 2007-06-28 |f 1 |i snk2007/16293 |l 0 |o snkČSA 575/55/2004/1 |p 17A0548692 |r 2026-02-21 20:27:56 |t č. 1-29 + príl. |w 2026-02-21 |y PREZ |z Príl.: v č. 1-29 - Regionálny šport, v č. 1-29 - TV OKO (chýba v č. 7,22), v č. 8,12,17,22,26 - Financie, v č. 13 - Moderné bývanie, v č. 14,15 - Regionálne noviny, v č. 24 - Inzercia, Kariéra SME | ||
| 952 | |0 0 |1 0 |4 0 |7 0 |8 0 |a SNK |b SNK |d 2007-06-29 |f 1 |i snk2007/16390 |l 0 |o snkČSA 575/56/2005/1 |p 17A0548694 |r 2026-02-21 20:28:07 |t č. 1-27 + príl. |w 2026-02-21 |y PREZ |z Príl.: v č. 1-27 - Regionálny šport, v č. 1-27 - TV OKO (chýba v č. 19,27), v č. 11,15 - Stavebnícky magazín, v č. 12,16 - Financie, v č. 17 - Životný štýl, v č. 18-24 - Inzercia | ||
| 952 | |0 0 |1 0 |4 0 |7 0 |a SNK |b SNK |d 2007-05-02 |i snkČSP 858/88 |l 0 |o snkČSA 575/20(38)/1987 D1 |p 17A0654795 |r 2026-02-21 20:29:01 |t č. 1-52 |w 2026-02-21 |y PREZ | ||
| 952 | |0 0 |1 0 |4 0 |7 0 |a SNK |b SNK |d 2000-08-25 |f 1 |i snkČSP 327/85 |l 0 |o snkČSA 575/17(35)/1984 |p 17A0250988 |r 2005-01-02 00:00:00 |t č. 1-52 |w 2026-02-21 |y PREZ | ||
| 952 | |0 0 |1 0 |4 0 |7 0 |a SNK |b SNK |d 2000-08-25 |f 1 |i snkČSP 851/89 |l 0 |o snkČSA 575/21(39)/1988 |p 17A0250979 |r 2005-01-02 00:00:00 |t č. 1-52 |w 2026-02-21 |y PREZ | ||
| 952 | |0 0 |1 0 |4 0 |7 0 |a SNK |b SNK |d 1998-03-23 |f 1 |i snkČSP 258/75 |l 0 |o snkČSA 575/7(25)/1974 |p 17A0131955 |r 2005-01-02 00:00:00 |t č. 1-52 |w 2026-02-21 |y PREZ | ||
| 952 | |0 0 |1 0 |4 0 |7 0 |a SNK |b SNK |d 2002-10-16 |f 1 |i snkČSP 447/73 |l 0 |o snkČSA 575/5(23)/1972 |p 17A0360184 |r 2005-01-02 00:00:00 |t č. 1-52 |w 2026-02-21 |y PREZ | ||
| 952 | |0 0 |1 0 |4 0 |7 0 |a SNK |b SNK |d 2004-02-14 |f 1 |i snkČSP 147/70 |l 0 |o snkČSA 575/11/1969 |p 17A0413886 |r 2005-01-02 00:00:00 |t č. 1-52 |w 2026-02-21 |y PREZ | ||
| 952 | |0 0 |1 0 |4 0 |7 0 |a SNK |b SNK |d 2004-02-14 |f 1 |i snkČSP 390/88 |l 0 |o snkČSA 575/9(27)/1976 |p 17A0413876 |r 2005-01-02 00:00:00 |t č. 1-52 |w 2026-02-21 |y PREZ | ||
| 952 | |0 0 |1 0 |4 0 |7 0 |a SNK |b SNK |d 2004-02-14 |f 1 |i snkČSP 143/78 |l 0 |o snkČSA 575/11(29)/1978 |p 17A0413520 |r 2005-01-02 00:00:00 |t č. 1-52 |w 2026-02-21 |y PREZ | ||
| 952 | |0 0 |1 0 |4 0 |7 0 |a SNK |b SNK |d 2004-02-14 |f 1 |i snkČSP 870/69 |l 0 |o snkČSA 575/10/1968 |p 17A0413877 |r 2005-01-02 00:00:00 |t č. 1-26 + 6 mim. č. |w 2026-02-21 |y PREZ | ||
| 952 | |0 0 |1 0 |4 0 |7 0 |a SNK |b SNK |d 1999-05-24 |f 1 |i snkČSP 455/83 |l 0 |o snkČSA 575/15(33)/1982 |p 17A0195624 |r 2005-01-02 00:00:00 |t č. 1-52 |w 2026-02-21 |y PREZ | ||
| 952 | |0 0 |1 0 |4 0 |7 0 |a SNK |b SNK |d 2002-01-11 |f 1 |i snkČSP 118/80 |l 0 |o snkČSA 575/12(30)/1979 |p 17A0327535 |r 2005-01-02 00:00:00 |t č. 1-52 |w 2026-02-21 |y PREZ | ||
| 952 | |0 0 |1 0 |4 0 |7 0 |a SNK |b SNK |d 2002-12-13 |f 1 |l 0 |o snkČSA 575/12/1970 |p 17A0368205 |r 2005-01-02 00:00:00 |t č. 1-52 |w 2026-02-21 |y PREZ | ||
| 952 | |0 0 |1 0 |4 0 |7 0 |a SNK |b SNK |d 2004-02-18 |f 1 |i snkČSP 708/75 |l 0 |o snkČSA 575/6(24)/1973 |p 17A0413674 |r 2005-01-02 00:00:00 |t č. 1-52 |w 2026-02-21 |y PREZ | ||
| 952 | |0 0 |1 0 |4 0 |7 0 |a SNK |b SNK |d 2004-02-18 |f 1 |i snkČSP 773/76 |l 0 |o snkČSA 575/8(26)/1975 |p 17A0413678 |r 2005-01-02 00:00:00 |t č. 1-52 |w 2026-02-21 |y PREZ | ||
| 952 | |0 0 |1 0 |4 0 |7 0 |a SNK |b SNK |d 2004-02-18 |f 1 |i snkČSP 263/82 |l 0 |o snkČSA 575/16(32)/1981 |p 17A0413666 |r 2005-01-02 00:00:00 |t č. 1-52 |w 2026-02-21 |y PREZ | ||
| 952 | |0 0 |1 0 |4 0 |7 0 |a SNK |b SNK |d 2004-02-18 |f 1 |i snkČSP 1391/90 |l 0 |o snkČSA 575/40/1989 |p 17A0413675 |r 2005-01-02 00:00:00 |t č. 1-52 + 1 mim. č. |w 2026-02-21 |y PREZ | ||
| 952 | |0 0 |1 0 |4 0 |7 0 |a SNK |b SNK |d 2004-02-18 |i snkČSP 871/69 |l 0 |o snkČSA 575/10/1968 D1 |p 17A0413333 |r 2005-01-02 00:00:00 |t č. 1-26 |w 2026-02-21 |y PREZ | ||
| 952 | |0 0 |1 0 |4 0 |7 0 |a SNK |b SNK |d 2004-02-18 |i snkČSP 367/71 |l 0 |o snkČSA 575/12/1970 |p 17A0413673 |r 2005-01-02 00:00:00 |w 2026-02-21 |y PREZ | ||
| 952 | |0 0 |1 0 |4 0 |7 0 |a SNK |b SNK |d 2004-02-18 |l 0 |o snkČSA 575/4(22)/1971 |p 17A0413873 |r 2005-01-02 00:00:00 |w 2026-02-21 |y PREZ | ||
| 952 | |0 0 |1 0 |4 0 |7 0 |a SNK |b SNK |d 2014-04-24 |i snkČSP 448/73 |l 0 |o snkČSA 575/5(23)/1972 D1 |p 17A1075583 |r 2026-02-21 21:02:56 |t č. 1-52 |w 2026-02-21 |y PREZ | ||
| 952 | |0 0 |1 0 |4 0 |7 0 |a SNK |b SNK |d 2005-06-03 |i snkČSP 1571/97 |l 0 |o snkČSA 575/46/1995 D1 |p 17A0469872 |r 2026-02-21 21:11:02 |w 2026-02-21 |y PREZ | ||
| 952 | |0 0 |1 0 |4 0 |7 0 |a SNK |b SNK |d 2021-06-04 |l 0 |o snkČSA 575/11/1969 D1 |p 17A1316513 |r 2026-02-21 21:29:41 |w 2026-02-21 |y PREZ | ||
| 952 | |0 0 |1 0 |4 0 |7 0 |a SNK |b SNK |d 2009-11-19 |i snk2003/217 |l 0 |o snkČSA 575/50/1999 D1 |p 17A1348125 |r 2026-02-21 21:30:31 |t č. 1-56, neúplné |w 2026-02-21 |y PREZ |z Chýba č. 31, 43 | ||
| 952 | |0 0 |1 0 |4 0 |7 0 |a SNK |b SNK |d 2004-02-14 |f 1 |i snkČSP 27/81 |l 0 |o snkČSA 575/13(31)/1980 |p 17A0413525 |r 2005-01-02 00:00:00 |t č. 1-52 |w 2026-02-21 |y PREZ | ||
| 952 | |0 0 |1 0 |4 0 |7 0 |a SNK |b SNK |d 1999-05-24 |f 1 |i snkČSP 2271/91 |l 0 |o snkČSA 575/41/1990 |p 17A0195621 |r 2005-01-02 00:00:00 |t č. 1-52 |w 2026-02-21 |y PREZ | ||
| 952 | |0 0 |1 0 |4 0 |7 0 |a SNK |b SNK |d 2002-05-15 |f 1 |i snkČSP 1992/93 |l 0 |o snkČSA 575/43/1992 |p 17A0341834 |r 2005-01-02 00:00:00 |t č. 1-51 |w 2026-02-21 |y PREZ | ||
| 952 | |0 0 |1 0 |4 0 |7 0 |a SNK |b SNK |d 2002-11-21 |l 0 |o snkČSA 575/41/1990 D1 |p 17A0364277 |r 2005-01-02 00:00:00 |w 2026-02-21 |y PREZ | ||
| 952 | |0 0 |1 0 |4 0 |7 0 |a SNK |b SNK |d 1999-06-21 |f 1 |i snkČSP 818/86 |l 0 |o snkČSA 575/18(36)/1985 |p 17A0196543 |r 2005-01-02 00:00:00 |t č. 1-52 |w 2026-02-21 |y PREZ |z -č. 50 nevydali | ||
| 952 | |0 0 |1 0 |4 0 |7 0 |a SNK |b SNK |d 2000-03-22 |f 1 |i snkČSP 2497/87 |l 0 |o snkČSA 575/19(37)/1986 |p 17A0231961 |r 2005-01-02 00:00:00 |t č. 1-52 |w 2026-02-21 |y PREZ | ||
| 952 | |0 0 |1 0 |4 0 |7 0 |a SNK |b SNK |d 2017-03-31 |i snkČSP 1392/90 |l 0 |o snkČSA 575/40/1989 D1 |p 17A1187192 |r 2026-02-21 22:09:09 |t č. 1-52 |w 2026-02-21 |y PREZ | ||
| 952 | |0 0 |1 0 |4 0 |7 0 |a SNK |b SNK |d 2017-03-31 |i snkČSP 852/89 |l 0 |o snkČSA 575/21(39)/1988 D1 |p 17A1187191 |r 2026-02-21 22:09:09 |t č. 1-52 |w 2026-02-21 |y PREZ | ||
| 952 | |0 0 |1 0 |4 0 |7 0 |a SNK |b SNK |d 2017-06-27 |i snkČSP 774/76 |l 0 |o snkČSA 575/8(26)/1975 D1 |p 17A1151997 |r 2026-02-21 22:25:11 |t č. 1-52 |w 2026-02-21 |y PREZ | ||


